Developing database with access
Đã lưu trong:
| Príomhúdar: | |
|---|---|
| Formáid: | Leabhar |
| Teanga: | Undetermined |
| Foilsithe: |
Australia
Thomson
2004
|
| Ábhair: | |
| Clibeanna: |
Cuir Clib Leis
Gan Chlibeanna, Bí ar an gcéad duine leis an taifead seo a chlibeáil!
|
| Thư viện lưu trữ: | Trung tâm Học liệu Trường Đại học Cần Thơ |
|---|
| LEADER | 00526nam a2200193Ia 4500 | ||
|---|---|---|---|
| 001 | CTU_100582 | ||
| 008 | 210402s9999 xx 000 0 und d | ||
| 020 | |c 323000 | ||
| 082 | |a 005.7565 | ||
| 082 | |b S955 | ||
| 100 | |a Summers, Graeme | ||
| 245 | 0 | |a Developing database with access | |
| 245 | 0 | |c Graeme Summers | |
| 260 | |a Australia | ||
| 260 | |b Thomson | ||
| 260 | |c 2004 | ||
| 650 | |a Microsoft access (computer file),Database management | ||
| 904 | |i Truc | ||
| 980 | |a Trung tâm Học liệu Trường Đại học Cần Thơ | ||